Five approaches of literary criticism
Wedi'i Gadw mewn:
| Prif Awdur: | |
|---|---|
| Fformat: | Llyfr |
| Iaith: | Undetermined |
| Cyhoeddwyd: |
New York, Estados Unidos
Collier Books
1962
|
| Pynciau: | |
| Tagiau: |
Ychwanegu Tag
Dim Tagiau, Byddwch y cyntaf i dagio'r cofnod hwn!
|
MARC
| LEADER | 00000nam a2200000Ia 4500 | ||
|---|---|---|---|
| 008 | 170316s9999 xx 000 0 und d | ||
| 090 | |a 801 S-15f | ||
| 100 | |a Scott, Wilbur A. | ||
| 245 | |a Five approaches of literary criticism | ||
| 260 | |a New York, Estados Unidos | ||
| 260 | |b Collier Books | ||
| 260 | |c 1962 | ||
| 300 | |a 351 páginas | ||
| 650 | |a TEORÍA LITERARIA | ||
| 650 | |a LITERATURA | ||
| 650 | |a CRISTISISMO LITERARIO | ||
| 650 | |a MITOS | ||
| 650 | |a LITERATURA MORAL | ||
| 650 | |a TEORÍA PSICOLÓGICA | ||
| 650 | |a LITERATURA SOCIAL | ||
| 999 | |c 20637 |d 20637 | ||
| 040 | |a cru BVZT | ||
| 942 | |c 15 D |h 801 S-15f |2 z | ||
